Tự học Visual C++ 6 chỉ dẫn bằng hình ảnh trong 21 ngày

保存先:
書誌詳細
第一著者: Trần, Quốc Bình
フォーマット: 図書
言語:Undetermined
出版事項: Hà Nội Thanh niên 2003
主題:
タグ: タグ追加
タグなし, このレコードへの初めてのタグを付けませんか!
Thư viện lưu trữ: Trung tâm Học liệu Trường Đại học Cần Thơ
LEADER 00585nam a2200193Ia 4500
001 CTU_60635
008 210402s9999 xx 000 0 und d
020 |b 80000 
082 |a 005.133 
082 |b B312 
100 |a Trần, Quốc Bình 
245 0 |a Tự học Visual C++ 6 chỉ dẫn bằng hình ảnh trong 21 ngày 
245 0 |c Trần Quốc Bình 
260 |a Hà Nội 
260 |b Thanh niên 
260 |c 2003 
650 |a C++ ( computer program language ) 
904 |i Minh, Năm 
980 |a Trung tâm Học liệu Trường Đại học Cần Thơ